Vísperas de la gloriosa / (Record no. 169833)
[ view plain ]
| 000 -LEADER | |
|---|---|
| campo de control de longitud fija | 00701nam a22002055i 4500 |
| 001 - NÚMERO DE CONTROL | |
| campo de control | 169833 |
| 003 - IDENTIFICADOR DE NÚMERO DE CONTROL | |
| campo de control | ES-MaACL |
| 005 - FECHA Y HORA DE LA ÚLTIMA TRANSACCIÓN | |
| campo de control | 20250624062533.0 |
| 008 - DATOS DE LONGITUD FIJA--INFORMACIÓN GENERAL | |
| campo de control de longitud fija | 081204s1930 sp |||| | spa d |
| 080 ## - NÚMERO DE LA CLASIFICACIÓN DECIMAL UNIVERSAL | |
| Número de la Clasificación Decimal Universal | 821.134.2-32"19" |
| 100 1# - ENTRADA PRINCIPAL--NOMBRE DE PERSONA | |
| Nombre de persona | Valle-Inclán, Ramón del, |
| Fechas asociadas al nombre | 1866-1936 |
| 9 (RLIN) | 112796 |
| 245 10 - MENCIÓN DEL TÍTULO | |
| Título | Vísperas de la gloriosa / |
| Mención de responsabilidad, etc. | por Ramón del Valle-Inclán ; ilustraciones de José Caballero. |
| 260 ## - PUBLICACIÓN, DISTRIBUCIÓN, ETC. | |
| Lugar de publicación, distribución, etc. | Madrid : |
| Nombre del editor, distribuidor, etc. | Atlántida, |
| Fecha de publicación, distribución, etc. | 1930. |
| 300 ## - DESCRIPCIÓN FÍSICA | |
| Extensión | 63 p. : |
| Otras características físicas | il. ; |
| Dimensiones | 15 cm. |
| 490 1# - MENCIÓN DE SERIE | |
| Mención de serie | La novela de hoy ; |
| Designación de volumen o secuencia | 418 |
| 700 1# - ENTRADA AGREGADA--NOMBRE PERSONAL | |
| Nombre de persona | Caballero, José, |
| Fechas asociadas al nombre | 1915-1991 |
| 9 (RLIN) | 33084 |
| 830 0# - PUNTO DE ACCESO ADICIONAL DE SERIE-TÍTULO UNIFORME | |
| Título uniforme | La novela de hoy ; |
| Designación de volumen o secuencia | 418 |
| 9 (RLIN) | 148102 |
| 852 ## - LOCALIZACIÓN | |
| Ubicación | ES-MaACL |
| Número de control de estantería | 2239-F-19 |
| itemnumber | R.142957 |
| Estatus retirado | Estado de pérdida | Estado de daño | No para préstamo | Colección | Biblioteca de origen | Biblioteca actual | Ubicación en estantería | Fecha de adquisición | Fuente de adquisición | Total de préstamos | Signatura topográfica completa | Código de barras | Visto por última vez | Precio de reemplazo | Tipo de ítem Koha |
|---|---|---|---|---|---|---|---|---|---|---|---|---|---|---|---|
| Colección de folletos | Biblioteca del Ateneo de Madrid | Biblioteca del Ateneo de Madrid | Depósito folletos | 04/12/2008 | 2239-F-19 | 1178305 | 23/02/2023 | 23/02/2023 | Folleto |
